Các dạng toán và phương pháp giải hóa học 12 : Tự luận và trắc nghiệm : phần hữu cơ

Nội dung tài liệu gồm hai phần trình bày tóm tắt lí thuyết, các dạng toán và phương pháp giải, bài tập tự luyện, bài tập tự luyện, câu hỏi trắc nghiệm hóa học 12 phần hữu cơ và có lời giải....

Celý popis

Uloženo v:
Podrobná bibliografie
Hlavní autor: Lê, Thanh Xuân
Médium: Kniha
Jazyk:Undetermined
Vydáno: Hà Nội Giáo dục 2009
Témata:
Tagy: Přidat tag
Žádné tagy, Buďte první, kdo otaguje tento záznam!
Thư viện lưu trữ: Trung tâm Học liệu Trường Đại học Cần Thơ
LEADER 01009nam a2200229Ia 4500
001 CTU_207684
008 210402s9999 xx 000 0 und d
020 |c 26000 
082 |a 547.00712 
082 |b X502 
100 |a Lê, Thanh Xuân 
245 0 |a Các dạng toán và phương pháp giải hóa học 12 : 
245 0 |b Tự luận và trắc nghiệm : phần hữu cơ 
245 0 |c Lê Thanh Xuân 
260 |a Hà Nội 
260 |b Giáo dục 
260 |c 2009 
520 |a Nội dung tài liệu gồm hai phần trình bày tóm tắt lí thuyết, các dạng toán và phương pháp giải, bài tập tự luyện, bài tập tự luyện, câu hỏi trắc nghiệm hóa học 12 phần hữu cơ và có lời giải. 
650 |a Chemistry, organic,Hóa học hữu cơ 
650 |x Problems exercies etc 
904 |i Bằng 
980 |a Trung tâm Học liệu Trường Đại học Cần Thơ